01462nam a2200337Ia 4500001001200000003000800012006001900020007001500039008004100054010001700095020001500112020001500127040002100142035002100163050002300184245015000207260004300357300001600400500011400416504005100530533015200581650006500733650004600798650004700844655002900891700002500920700001900945710001700964856012600981999001701107ebr10135743CaPaEBRm u cr cn|||||||||041220s2005 nyu sb 101 0 eng d z 2004060232 z1403980535 z1403969647 aCaPaEBRcCaPaEBR a(OCoLC)56019147214aHV699b.G66 2005eb00aGood parents or good workers?h[electronic resource] :bhow policy shapes families' daily lives /cedited by Jill Duerr Berrick and Bruce Fuller. aNew York :bPalgrave Macmillan,c2005. axii, 186 p. aPapers originally presented at a national conference sponsored by the Haas Jr. Fund of San Francisco in 2001. aIncludes bibliographical references and index. aElectronic reproduction.bPalo Alto, Calif. :cebrary,d2009.nAvailable via World Wide Web.nAccess may be limited to ebrary affiliated libraries. 0aPoor familiesxGovernment policyzUnited StatesvCongresses. 0aFamily policyzUnited StatesvCongresses. 0aPublic welfarezUnited StatesvCongresses. 7aElectronic books.2local1 aBerrick, Jill Duerr.1 aFuller, Bruce.2 aebrary, Inc.40uhttp://site.ebrary.com/lib/rucke/Doc?id=10135743zAn electronic book accessible through the World Wide Web; click to view c87032d87032